Open Data Biblioteca Nacional de Portugal


República Portuguesa: Ministério da Cultura
Biblioteca Nacional de Portugal

Catálogo da BNP: acesso por Identificadores Unívocos
Registos Bibliográficos associados ao registo de autoridade

Etiqueta de registo: 00000nam 2200025 450
001 1850658
003 http://id.bnportugal.gov.pt/bib/catbnp/1850658
100 ## $a20130925d1969 m y0pory01030103ba
101 0# $aeng
102 ## $aUS
106 ## $ar
200 1# $a The Beatles illustrated lyrics$fed. by Alan Aldridge
205 ## $a1st ed
210 #9 $aNew York$cDelacorte Press,$dcop. 1969
215 ## $a156 p.$d29 cm
225 2# $a A Seymour Lawrence book
601 02 $a The Beatles,$f1960-1970$2SIPOR$326066
675 ## $a78Beatles$vBN$zpor$3336104
675 ## $a78.011.26(=1:410)"19"$vBN$zpor$31593136
675 ## $a821.111-1"19"$vBN$zpor$3470212
702 #1 $aAldridge,$bAlan,$f1943-2017$4340$3167068
801 #0 $aPT$bBN$gRPC
966 ## $lBN$mMUSICA$pBiblioteca Alberto de Lacerda$sM. 4640 V.$x3

Etiqueta de registo: 00254nam 2200025 450
001 2284740
003 http://id.bnportugal.gov.pt/bib/catbnp/2284740
010 ## $a0140028021
100 ## $a20260419d1971 m y0pory01030103ba
101 0# $aeng
102 ## $aGB
105 ## $aa z 000yy
106 ## $ar
200 1# $aThe Penguin book of comics$fGeorge Perry, Alan Aldridge
210 #9 $aHarmondsworth$cPenguin Books,$d1971
215 ## $a272 p.$cil.$d21 cm
317 ## $aColeção Leandro de Moraes Sarmento$5PTBN: L.M.S. 426
606 ## $aBanda desenhada$xHistória e crítica$2SIPOR$31995410
675 ## $a741.5(091)$vBN$zpor$3601895
700 #1 $92$aPerry,$bGeorge$f1935$31712424
701 #1 $aAldridge,$bAlan,$f1943-2017$4070$3167068
801 #0 $aPT$bBN$gRPC
966 ## $lBN$mFGMON$pBiblioteca particular Leandro de Moraes Sarmento$sL.M.S. 426 $x3

OpendataBNP@bnportugal.pt | Mais informação sobre acesso aos dados BNP